<?xml version="1.0" encoding="UTF-8"?>
<collection xmlns="http://www.loc.gov/MARC21/slim">
 <record>
  <leader>00533pamaa2200181   4500</leader>
  <controlfield tag="001">0000028240</controlfield>
  <controlfield tag="005">20100506090000.0</controlfield>
  <controlfield tag="008">100506                             eng</controlfield>
  <datafield tag="020" ind1="0" ind2="0">
   <subfield code="a">9780140277081 (pbk.) </subfield>
  </datafield>
  <datafield tag="090" ind1="0" ind2="0">
   <subfield code="a">PS3553.A4995R5 </subfield>
   <subfield code="b">CAN 1998</subfield>
  </datafield>
  <datafield tag="100" ind1="1" ind2="0">
   <subfield code="a">Cannell </subfield>
  </datafield>
  <datafield tag="245" ind1="1" ind2="0">
   <subfield code="a">Riding the snake : </subfield>
   <subfield code="b">a novel  </subfield>
   <subfield code="c">Stephen J. Cannell.</subfield>
  </datafield>
  <datafield tag="250" ind1="0" ind2="0">
   <subfield code="a">1st ed.</subfield>
  </datafield>
  <datafield tag="260" ind1="0" ind2="0">
   <subfield code="a">New York: </subfield>
   <subfield code="b">Morrow, </subfield>
   <subfield code="c">1998.</subfield>
  </datafield>
  <datafield tag="300" ind1=" " ind2=" ">
   <subfield code="a">383 p.; </subfield>
   <subfield code="c">25 cm.</subfield>
  </datafield>
  <datafield tag="650" ind1="0" ind2="0">
   <subfield code="a">Murder -- </subfield>
   <subfield code="x">Fiction </subfield>
  </datafield>
  <datafield tag="650" ind1="0" ind2="0">
   <subfield code="a">Gangsters -- </subfield>
   <subfield code="x">Fiction </subfield>
  </datafield>
  <datafield tag="650" ind1="0" ind2="0">
   <subfield code="a">Beverly Hills (Calif.) -- </subfield>
   <subfield code="x">Fiction </subfield>
  </datafield>
 </record>
</collection>
